00295nam a22001097a 4500020001500000040000900015082001800024100001500042245004500057260003800102650004500140 a8129702304 cNUST a621.3848bEDD aByron Edde aRADAR Principles Technology Applications aIndia:bPearson Education,c2005. 2RADAR Principles Technology Applications